| 000 | 006420000a22001810004500 | ||
|---|---|---|---|
| 005 | 20240212094824.0 | ||
| 008 | 230817t2004 ||||| |||| 00| 0 eng d | ||
| 020 | _a9558430056 | ||
| 082 |
_a340.59 _bAME |
||
| 245 |
_aAl-Ameen Law Report: _bcontaining cases decided under Muslim Law by the Wakfs Tribunal and M.C., DC, CA and Supreme Court of the Democratic Socialist Republic of Sri Lanka |
||
| 260 |
_aColombo: _bAl-Ameen, _c2004 |
||
| 300 | _aviii., 187 p.; 22 cm | ||
| 490 | _aVol. II | ||
| 650 | _aIslamic law -- Sri Lanka -- Cases | ||
| 650 | _a Islamic law- Sri Lanka- Trials, litigation | ||
| 700 |
_aAmeen, A.H.G _eed. |
||
| 942 | _cRP | ||
| 999 |
_c256 _d256 |
||